List vnukom

Bibliographic Details
Main Author: Brězan, Jurij, 1916-2006 (Author)
Other Authors: Čačko, Peter, 1936-2021 (Translator)
Format: Article
Language:Slovak
Sorbian languages
ISSN:1335-7786
Subjects:

MARC

LEADER 00000nab a2200000 a 4500
001 vtls008934170
003 SK-MaSNL
005 20260303070604.0
008 131021c2006 xo mr|p|||||||000 b|slo
015 |a SNBRB2007/01  |2 snkbucl 
038 |a SNKBUCL 
040 |a SNKBUCL  |b slo  |c SNKBUCL  |e AACR2 
041 1 |a slo  |h wen 
044 |a xo  |c SK 
080 |a 821.162.5-32  |2 1997 
100 1 |a Brězan, Jurij,  |d 1916-2006  |4 aut  |9 183432 
245 1 0 |a List vnukom  |c preložil Peter Čačko 
650 0 7 |a spoločenské poviedky, lužickosrbské  |2 snkbucl  |9 1068212 
650 0 7 |a biografické poviedky, lužickosrbské  |2 snkbucl  |9 1068213 
700 1 |a Čačko, Peter,  |d 1936-2021  |4 trl  |9 217969 
773 0 |t Slovenské pohľady  |g Roč. IV.+122., č. 12 (2006), s. 63-68  |x 1335-7786 
852 |a SNK  |b KIS3GCP 
958 |a LX 
958 |a DE 
958 |a SS 
999 |c 1756025  |d 1757955